<?xml version="1.0" encoding="UTF-8"?>
<collection xmlns="http://www.loc.gov/MARC21/slim">
 <record>
  <leader>00999nam a22001937a 4500</leader>
  <controlfield tag="001">NCT_4_011287</controlfield>
  <controlfield tag="008">240618b        xxu||||| |||| 00| 0 vie d</controlfield>
  <datafield tag="999" ind1=" " ind2=" ">
   <subfield code="c">8519</subfield>
   <subfield code="d">8519</subfield>
  </datafield>
  <datafield tag="020" ind1=" " ind2=" ">
   <subfield code="a">9786043776942</subfield>
   <subfield code="c">400000</subfield>
  </datafield>
  <datafield tag="082" ind1="0" ind2="4">
   <subfield code="2">23rd ed.</subfield>
   <subfield code="a">615.852</subfield>
   <subfield code="b">Ng419</subfield>
  </datafield>
  <datafield tag="100" ind1="1" ind2=" ">
   <subfield code="a">Đỗ Hồng Ngọc</subfield>
  </datafield>
  <datafield tag="245" ind1="1" ind2="0">
   <subfield code="a">Tôi học Phật</subfield>
   <subfield code="c">Đỗ Hồng Ngọc</subfield>
  </datafield>
  <datafield tag="260" ind1=" " ind2=" ">
   <subfield code="a">Tp. Hồ Chí Minh</subfield>
   <subfield code="b">Tổng hợp Tp. Hồ Chí Minh</subfield>
   <subfield code="c">2023</subfield>
  </datafield>
  <datafield tag="300" ind1=" " ind2=" ">
   <subfield code="a">885 tr.</subfield>
   <subfield code="c">24 cm</subfield>
  </datafield>
  <datafield tag="520" ind1="3" ind2=" ">
   <subfield code="a">Nội dung sách là những chiêm nghiệm của bác sĩ Đỗ Hồng Ngọc  và những trải nghiệm của ông về Phật pháp. Tác giải chia sẻ những điều đã học và hành suốt thời gian học phật.</subfield>
  </datafield>
  <datafield tag="653" ind1=" " ind2=" ">
   <subfield code="a">Tham khảo</subfield>
  </datafield>
  <datafield tag="942" ind1=" " ind2=" ">
   <subfield code="2">ddc</subfield>
   <subfield code="c">BK</subfield>
  </datafield>
  <datafield tag="952" ind1=" " ind2=" ">
   <subfield code="0">0</subfield>
   <subfield code="1">0</subfield>
   <subfield code="2">ddc</subfield>
   <subfield code="4">0</subfield>
   <subfield code="6">615_852000000000000_NG419</subfield>
   <subfield code="7">0</subfield>
   <subfield code="9">29212</subfield>
   <subfield code="a">000001</subfield>
   <subfield code="b">000001</subfield>
   <subfield code="d">2024-06-18</subfield>
   <subfield code="o">615.852 Ng419</subfield>
   <subfield code="p">TK.04357</subfield>
   <subfield code="r">2024-06-18</subfield>
   <subfield code="v">400000.00</subfield>
   <subfield code="w">2024-06-18</subfield>
   <subfield code="y">BK</subfield>
  </datafield>
  <datafield tag="980" ind1=" " ind2=" ">
   <subfield code="a">Thư viện Trường Đại học Nam Cần Thơ</subfield>
  </datafield>
 </record>
</collection>
